[Event "Candidates m4"]
[Site "Sarajevo"]
[Date "1991.??.??"]
[Round "6"]
[White "Nikolic, Predrag"]
[Black "Gelfand, Boris"]
[Result "0-1"]
[WhiteElo "2620"]
[BlackElo "2700"]
[Annotator "Ftacnik,L"]
[PlyCount "130"]
[EventDate "1991.01.??"]
[EventType "match"]
[EventRounds "8"]
[EventCountry "BIH"]
[SourceTitle "Candidates"]
[Source "ChessBase"]
[SourceDate "1999.07.01"]
[SourceVersion "2"]
[SourceVersionDate "1999.07.01"]
[SourceQuality "1"]

1. d4 Nf6 2. c4 e6 3. Nc3 Bb4 4. Qc2 c5 5. dxc5 Na6 6. e3 Nxc5 7. Bd2 O-O 8.
Nf3 b6 9. Be2 Ba6 10. O-O d5 11. cxd5 Bxc3 (11... Bxe2 $5 12. Nxe2 Bxd2 13.
Nxd2 Qxd5 $10) 12. Bxc3 Nxd5 13. Bxa6 Nxa6 14. Bd4 Qd7 15. Ng5 f5 (15... g6 16.
Rfd1 $14) 16. Nf3 Nab4 17. Qe2 Nc6 18. Rad1 Rac8 19. Rfe1 Nxd4 20. Rxd4 Qc6 21.
h3 Nf6 22. Red1 Qc2 23. R4d2 Qc4 (23... Qc7 24. Nd4 $14) 24. Qxc4 Rxc4 25. Ne5
Rc7 26. Rd6 Re8 27. Rc6 Rxc6 28. Nxc6 Kf7 29. Rd6 $1 (29. Nxa7 Ra8 $10) 29...
Rc8 (29... a5 30. Nd4 Nd5 31. Nxf5 $16) 30. Nxa7 Rc1+ 31. Kh2 Ne4 32. Rd7+ (32.
Rxb6 $5 $16) 32... Kf6 33. f3 Nc5 34. Rd2 Re1 35. Nc8 b5 36. Nd6 b4 37. Rd4
Rxe3 38. Rxb4 Re2 39. a4 Nd3 40. Rb7 Nf4 $1 41. a5 Rxg2+ 42. Kh1 Rd2 43. Ne8+
$6 (43. Nc4 Rc2 44. b3 $14) 43... Kg5 44. Kg1 (44. Rxg7+ Kh4 45. Rxh7+ Kg3 $17)
44... Kh4 45. Kf1 Kg3 46. Ke1 Rd8 47. Nc7 Ng2+ 48. Ke2 Nf4+ 49. Ke1 Rd3 50. a6
Ng2+ 51. Ke2 Nf4+ 52. Ke1 Kxf3 53. Rb3 $8 (53. a7 Ng2+ 54. Kf1 Rd1#) 53... Ng2+
54. Kf1 Ne3+ 55. Kg1 (55. Ke1 Rd1#) 55... Rxb3 56. a7 Rd3 57. a8=Q+ Kg3 58. Qa1
$8 Rd1+ 59. Qxd1 Nxd1 60. Nxe6 g6 (60... Nxb2 61. Nxg7 $17) 61. b4 f4 62. Nc5 (
62. b5 f3 $19) 62... Nc3 63. Nd3 g5 64. Nf2 h5 65. Kf1 Kh2 0-1

[Event "Interzonal-14c"]
[Site "Zagreb"]
[Date "1987.??.??"]
[Round "10"]
[White "Seirawan, Yasser"]
[Black "Gruenfeld, Yehuda"]
[Result "1-0"]
[WhiteElo "2600"]
[BlackElo "2545"]
[Annotator "Ftacnik,L"]
[PlyCount "79"]
[EventDate "1987.08.01"]
[EventType "tourn"]
[EventRounds "17"]
[EventCountry "YUG"]
[EventCategory "12"]
[SourceTitle "CBM 004"]
[Source "ChessBase"]
[SourceDate "1988.06.01"]
[SourceVersion "1"]
[SourceVersionDate "1988.06.01"]
[SourceQuality "1"]

1. d4 Nf6 2. c4 e6 3. Nc3 Bb4 4. Qc2 c5 5. dxc5 O-O 6. a3 Bxc5 7. Nf3 Nc6 8.
Bg5 Nd4 9. Nxd4 Bxd4 10. e3 Qa5 11. exd4 Qxg5 12. Qd2 Qxd2+ 13. Kxd2 $14 d6 14.
Bd3 Bd7 (14... e5 $6 15. dxe5 dxe5 16. Rhe1 Re8 17. Nb5 $16) 15. b4 $1 $36 b6
16. Rhb1 Bc6 17. f3 Rfc8 18. a4 $1 {/\ a5} a5 19. bxa5 bxa5 20. Rb2 Kf8 $6 (
20... Rab8 21. Rab1 Rxb2+ 22. Rxb2 Nd7 23. d5 Ba8 $1 24. Nb5 Rb8 $1 $14) 21.
Rab1 h6 $6 (21... g6 $142) 22. Rb6 Ke7 (22... Nd7 23. Rxc6 Rxc6 24. Be4 $16)
23. d5 $1 exd5 (23... Bd7 $5) 24. Bf5 Rc7 $2 (24... Bd7 $142 $1 25. Re1+ Kf8 $1
26. Bxd7 Nxd7 27. Rxd6 Nc5 28. Rxd5 Rab8 $132) 25. Nb5 $1 Bxb5 26. cxb5 $18 Ne8
(26... Nd7 27. Rc6 Rxc6 28. bxc6 Nc5 29. c7 Nd7 30. Bxd7 Kxd7 31. Rb8 $18) 27.
Ra6 Rca7 (27... Rxa6 28. bxa6 g6 29. Bd3 {/\ Rb7}) 28. Rxa7+ Rxa7 29. b6 Rb7
30. Bc8 Rb8 31. b7 Kd8 $6 (31... Nc7 $142 $1 32. Rb6 $1 (32. Kc3 $2 Ne6 33. Rb5
Nc5 34. Rxa5 d4+ $1 35. Kc4 Nxb7 36. Bxb7 Rxb7 37. Rb5 Rc7+ 38. Kxd4 Rc2 $10)
32... Ne6 33. Rc6 $1 (33. Ra6 $2 Nd8 $1 $10) 33... Nc5 34. Rc7+ Kf6 35. Kc3 $1
Nxa4+ 36. Kd4 Nc5 37. Kxd5 $18) 32. Rb5 Nf6 33. Rxa5 Kc7 34. Rb5 Ng8 35. Rb1
Ne7 36. a5 g5 (36... Nxc8 37. bxc8=Q+ Rxc8 38. Rc1+ $18) 37. Rc1+ Kd8 38. a6
Nxc8 39. Rxc8+ Rxc8 40. a7 1-0

[Event "Dortmunder Schachtage-A 18th"]
[Site "Dortmund"]
[Date "1990.04.08"]
[Round "4"]
[White "Boensch, Uwe"]
[Black "Browne, Walter Shawn"]
[Result "0-1"]
[WhiteElo "2530"]
[BlackElo "2560"]
[Annotator "Ftacnik,L"]
[PlyCount "72"]
[EventDate "1990.04.05"]
[EventType "tourn"]
[EventRounds "11"]
[EventCountry "GER"]
[EventCategory "13"]
[SourceTitle "CBM 018"]
[Source "ChessBase"]
[SourceDate "1990.10.01"]
[SourceVersion "1"]
[SourceVersionDate "1990.10.01"]
[SourceQuality "1"]

1. d4 Nf6 2. c4 e6 3. Nc3 Bb4 4. Qc2 O-O 5. Nf3 c5 6. dxc5 Na6 7. g3 Nxc5 8.
Bg2 b6 9. O-O Bb7 10. Nb5 {N} (10. Rd1 Rc8 11. Bf4 Nce4 12. Nxe4 Bxe4 13. Qa4
a5 14. Ne5 Bxg2 15. Kxg2 d5 $10 {Gurevich,M-Hjartarson,J/Reykjavik Summit/1990/
->CBM 18}) 10... Be4 11. Qd1 Nb7 (11... a6 $2 12. Nd6 {/\ a3 +-} Bc6) 12. a3 a6
$5 (12... Be7 13. Nc3 $14) 13. axb4 axb5 14. Rxa8 Qxa8 15. cxb5 Nd5 $1 16. Qd4
f5 17. Bf4 d6 18. Ng5 Bxg2 19. Kxg2 Nd8 (19... e5 20. Qc4 exf4 21. Rd1) 20. Kg1
h6 21. Bxd6 $5 (21. Nf3 e5 22. Qc4 Nf7 23. Bd2 Rc8 $36) 21... hxg5 22. Bxf8
Kxf8 23. Rc1 Qb8 24. e4 (24. f3 f4) 24... fxe4 25. Qxe4 Qd6 26. Rc8 Ke7 27. Qd4
(27. Qg6 Qe5 $17) 27... e5 28. Qd3 g4 29. Qf5 Nf6 30. Rc1 Ne6 31. Ra1 (31. Rc6
$2 Qd1+ 32. Kg2 Qd5+ 33. Kg1 Nd4 $19) 31... Qc7 32. Re1 e4 33. Rd1 $2 (33. Qg6
$1) 33... Kf7 $1 34. Rd5 g6 35. Qe5 Qxe5 36. Rxe5 Ke7 {Ftacnik,L} 0-1

[Event "Bern zt"]
[Site "Bern"]
[Date "1990.??.??"]
[Round "13"]
[White "Lobron, Eric"]
[Black "Rechlis, Gad"]
[Result "1/2-1/2"]
[WhiteElo "2545"]
[BlackElo "2470"]
[Annotator "Ftacnik,L"]
[PlyCount "66"]
[EventDate "1990.01.??"]
[EventType "tourn"]
[EventRounds "15"]
[EventCountry "SUI"]
[EventCategory "9"]
[SourceTitle "CBM 017"]
[Source "ChessBase"]
[SourceDate "1990.08.01"]
[SourceVersion "1"]
[SourceVersionDate "1990.08.01"]
[SourceQuality "1"]

1. d4 Nf6 2. c4 e6 3. Nc3 Bb4 4. Qc2 c5 5. dxc5 O-O 6. Nf3 Na6 7. g3 Nxc5 8.
Bg2 Nce4 9. O-O Nxc3 10. bxc3 Be7 11. e4 d6 12. e5 dxe5 13. Nxe5 Qc7 14. Qe2
Nd7 15. Bf4 Bd6 (15... Nxe5 16. Bxe5 Bd6 17. Bxd6 Qxd6 18. Rfd1 Qc7 19. Rab1
Rb8 20. Qe3 b6 21. c5 Bd7 22. cxb6 axb6 $10 {Gurevich,M-Lalic,B/Haifa ETC/1989/
->TD 89/11}) 16. Nxd7 Bxd7 17. Bxd6 Qxd6 18. Bxb7 Rab8 19. Rab1 {N} (19. Rfd1
Qc7 20. Be4 Bc8 21. Rd4 $14 {Gurevich,M-Petursson,M/Reggio Emilia/1989/}) 19...
Bc6 $1 20. Rfd1 Qc5 21. Bxc6 Rxb1 22. Rxb1 Qxc6 23. Qe5 Qxc4 24. Rb8 g6 $10 25.
Rxf8+ Kxf8 26. Qb8+ Kg7 27. Qxa7 Qxc3 28. h4 e5 29. a4 e4 30. Kh2 h6 31. Qb6
Qd2 32. Qc5 Kh7 33. Kg2 Qa2 {Ftacnik,L} (33... Qa2 34. a5 e3 $1 $10) 1/2-1/2

[Event "Noviki-A"]
[Site "Budapest"]
[Date "1990.??.??"]
[Round "2"]
[White "Marinelli, Tullio"]
[Black "Horvath, Jozsef"]
[Result "0-1"]
[WhiteElo "2400"]
[BlackElo "2525"]
[Annotator "Ftacnik,L"]
[PlyCount "80"]
[EventDate "1990.??.??"]
[EventType "tourn"]
[EventRounds "11"]
[EventCountry "HUN"]
[EventCategory "9"]
[SourceTitle "CBM 019"]
[Source "ChessBase"]
[SourceDate "1990.12.01"]
[SourceVersion "1"]
[SourceVersionDate "1990.12.01"]
[SourceQuality "1"]

1. d4 Nf6 2. c4 e6 3. Nc3 Bb4 4. Qc2 c5 5. dxc5 O-O 6. Bg5 Na6 7. e3 (7. Nf3) (
7. a3 Bxc3+ 8. Qxc3 Nxc5) 7... Nxc5 8. Nge2 Nce4 {= ECO} 9. Bxf6 Nxf6 10. a3
Qa5 11. Rd1 (11. Rc1 $10) 11... Be7 12. Nd4 $6 (12. Nf4) 12... d5 $1 13. Nb3 (
13. cxd5 Nxd5 14. Nb3 Qc7 15. Bd3 Nxc3 16. Bxh7+ Kh8 17. bxc3 Bxa3) 13... Qc7
14. Nb5 Qe5 15. cxd5 (15. c5 Bd7 16. Bd3 Rfc8) 15... Nxd5 16. Bd3 Bd7 $1 17.
Nc3 (17. Bxh7+ Kh8 18. Bd3 Bxb5 19. Bxb5 Nxe3 $17) (17. N5d4 $5 f5) 17... Rfc8
18. O-O Ba4 $1 (18... Nxc3 $2 19. Bxh7+ Kf8 20. Rxd7) 19. Bxh7+ Kf8 20. Rd4 (
20. Rd3 Bb5) 20... Nxe3 $1 21. fxe3 $2 (21. Qe2 Bxb3 22. fxe3 $17) 21... Qxe3+
22. Kh1 (22. Qf2 Qxf2+ 23. Rxf2 Bxb3 $19) 22... Bxb3 23. Qg6 (23. Qxb3 Qxd4 24.
Qxe6 Bf6) 23... Bf6 $1 24. Rd3 (24. Rxf6 $4 Qe1+) 24... Qe5 25. Qg3 Bc4 $19 26.
Qh3 Bxd3 27. Bxd3 Ke7 28. Qf3 Rc7 29. Be4 Rh8 30. h3 b6 31. a4 Qh5 32. Qe3 Bxc3
33. bxc3 Rd8 34. Qg3 Rc4 35. Bf3 Qg6 36. Qe5 Rc5 37. Qe2 Qd3 38. Qf2 Qxc3 39.
Be4 (39. Bh5 f6) 39... f5 40. Bf3 g5 {Ftacnik,L} 0-1

[Event "New York op"]
[Site "New York"]
[Date "1991.??.??"]
[Round "7"]
[White "Petursson, Margeir"]
[Black "Gulko, Boris F"]
[Result "1-0"]
[WhiteElo "2515"]
[BlackElo "2575"]
[Annotator "Ftacnik,L"]
[PlyCount "69"]
[EventDate "1991.03.??"]
[EventType "swiss"]
[EventRounds "9"]
[EventCountry "USA"]
[SourceTitle "CBM 023"]
[Source "ChessBase"]
[SourceDate "1991.08.01"]
[SourceVersion "1"]
[SourceVersionDate "1991.08.01"]
[SourceQuality "1"]

1. d4 Nf6 2. c4 e6 3. Nc3 Bb4 4. Qc2 c5 5. dxc5 O-O 6. a3 Bxc5 7. Nf3 b6 8. Bg5
Bb7 9. e4 Be7 (9... h6 10. Bh4 Be7 11. Rd1 Nh5) 10. Rd1 Nc6 11. Be2 a6 12. O-O
Qc7 $2 (12... Rc8) 13. Nd5 $1 exd5 14. cxd5 Rac8 15. dxc6 dxc6 16. e5 $1 Nd5
17. Qe4 $1 Rfe8 (17... Bxg5 $2 18. Nxg5 g6 19. Qh4 h5 20. Bxh5 $1 $18) (17...
f6 18. Bd3 $1 g6 19. Bh6 $40) 18. Bc4 Bf8 19. Rfe1 h6 (19... g6 20. h4 Bg7 21.
h5 $40) 20. Bc1 Rcd8 21. Nd4 c5 $2 (21... b5 $1 22. Ba2 (22. Bd3 Nf6 $1) 22...
c5 23. Nf5 (23. Nxb5 axb5 24. Bxd5 Rxd5 25. Rxd5 Qc6 26. Red1 Rd8 $19) 23... c4
$132) 22. Nf5 Nf6 $2 (22... Ne7 23. Bxf7+ Kxf7 24. Nd6+ Rxd6 25. exd6 Bxe4 26.
dxc7 Bb7 27. Rd8 $16) 23. Nxh6+ $1 gxh6 24. Qg6+ Kh8 25. Qxf6+ Bg7 26. Qxf7
Qxf7 27. Bxf7 Rxd1 28. Rxd1 Rxe5 29. Rd8+ Kh7 30. Bg8+ Kg6 31. Rd6+ Bf6 32. Bd2
$1 Re8 33. Bc3 Rxg8 34. Rxf6+ Kh5 35. f3 $1 {Ftacnik,L} 1-0

[Event "Baden-Baden"]
[Site "Baden-Baden"]
[Date "1992.12.05"]
[Round "1"]
[White "Lautier, Joel"]
[Black "Wahls, Matthias"]
[Result "1-0"]
[WhiteElo "2580"]
[BlackElo "2540"]
[Annotator "Ftacnik,L"]
[PlyCount "73"]
[EventDate "1992.12.??"]
[EventType "tourn"]
[EventRounds "11"]
[EventCountry "GER"]
[EventCategory "14"]
[SourceTitle "CBM 033"]
[Source "ChessBase"]
[SourceDate "1993.04.01"]
[SourceVersion "1"]
[SourceVersionDate "1993.04.01"]
[SourceQuality "1"]

1. d4 Nf6 2. c4 e6 3. Nc3 Bb4 4. Qc2 c5 5. dxc5 O-O 6. a3 Bxc5 7. Nf3 b6 8. Bf4
Bb7 9. Rd1 Nc6 10. e4 (10. e3 a6 (10... Nh5 11. Bg5 f6 (11... Be7 12. Bxe7 Qxe7
13. Nb5 Na5 14. Nd6 Bxf3 15. gxf3 Nf6 16. b4 Nc6 17. f4 Ne8 18. Qd3 Nxd6 19.
Qxd6 Qf6 20. Bg2 Qc3+ 21. Qd2 Qxc4 22. Rc1 Qa6 23. a4 Qxa4 24. Qxd7 $13 {
Ivanov,Se-Guseinov,A/URS-chT Azov/1991/}) 12. Bh4 g5 13. Bg3 f5 14. Be2 Nxg3
15. hxg3 g4 16. Nd4 Qg5 17. Nb3 Ne5 18. Nxc5 bxc5 19. Bf1 Qe7 20. Ne2 Be4 21.
Qc3 Qg7 22. Nf4 Rab8 23. Be2 Bc6 24. Rd2 $10 {Schussler-Oll/Tallinn/1983/}) (
10... Rc8 11. Bd3 (11. Be2 h6 (11... Be7 12. O-O (12. e4 Nh5 13. Bc1 a6 14. O-O
Qc7 15. e5 g6 16. Rfe1 Rfd8 17. Nd5 exd5 18. cxd5 Nd4 19. Qxc7 Nxe2+ 20. Rxe2
Rxc7 21. d6 Rxc1 22. Rxc1 Bf8 23. Rc7 Nf4 24. Rec2 $13 {Lautier,J-Larsen,B/
Cannes/1989/}) 12... a6 (12... d6 13. e4 Nh5 14. Be3 Qc7 15. Nb5 Qb8 16. Bg5
Rfd8 17. Bxe7 Nxe7 18. Rfe1 a6 19. Nc3 Nf6 20. Bf1 Ng6 21. Rd2 h6 22. h3 Qc7
23. Qb1 Nd7 24. Rc1 $13 {Ree,H-Hort,V/Wijk aan Zee/1983/}) 13. b4 a5 14. b5 Nb8
15. e4 Bxa3 16. e5 Ne8 17. Ng5 g6 18. Nge4 f5 19. exf6 Nxf6 20. Bg5 Be7 21. Nd6
Bxd6 22. Rxd6 Qc7 23. Qd2 Ne8 24. Rd4 $40 {Chekhov,V-Schneider,LA/Gausdal Int 
(5)/1990/}) 12. h3 d5 13. O-O Qe8 14. cxd5 exd5 15. Qa4 Qe6 16. Ba6 Bxa6 17.
Qxa6 Rcd8 18. Ne2 Ne4 19. Ned4 Nxd4 20. Nxd4 Bxd4 21. Rxd4 Nc5 22. Qb5 Qd7 23.
Qxd7 Rxd7 24. Rfd1 $14 {Foisor,O-Urday,H/Thessaloniki olm (3)/1988/}) 11... h6
12. h3 Be7 13. O-O Na5 14. Nd2 d5 15. Qb1 Bd6 16. Bxd6 Qxd6 17. cxd5 Nxd5 18.
Nxd5 Qxd5 19. Bh7+ Kh8 20. Be4 Qe5 21. Bxb7 Nxb7 22. Nf3 Qc7 23. Rc1 Qb8 24.
Nd4 $14 {Dautov,R-Ruban,V/Novosibirsk tt/1989/}) 11. Be2 Rc8 12. Ng5 Be7 13. h4
h6 14. b4 Re8 15. Bd3 Rf8 16. Nce4 hxg5 17. Nxf6+ gxf6 18. hxg5 fxg5 19. Qe2
Bf6 20. Bh7+ Kg7 21. Qh5 Bc3+ 22. Kf1 Qf6 23. Bxg5 Ne5 24. Bxf6+ $18 {Ruban,
V-Budnikov,A/Voronez/1988/}) (10. h3 Rc8 11. Qb1 Ne7 (11... Be7 12. e4 Na5 13.
Nd2 d6 14. b4 Nc6 15. Nf3 Ne8 16. e5 d5 17. cxd5 exd5 18. Nxd5 Nc7 19. Nxb6
axb6 20. Rxd8 Rfxd8 21. Bc4 Ne6 22. Bxe6 fxe6 23. O-O Rd5 24. Rd1 $16 {Bareev,
E-Lautier,J/Paris act (1)/1991/1-0 (36)}) 12. e3 Ng6 13. Bh2 d5 14. Be2 Qe7 15.
cxd5 exd5 16. Nb5 Ne4 17. Nbd4 f5 18. Bf4 Nxf4 19. exf4 Ba6 20. O-O Bxe2 21.
Nxe2 Nxf2 22. Rxf2 Qxe2 23. Nd4 Qe4 24. Qd3 $17 {Hansen,LB-Brynell,S/Haninge 
(06)/1992/}) 10... Ng4 (10... Ne7 11. Be2 Ng6 12. Bg3 Nh5 13. Qd2 Nxg3 (13...
Bc6 14. Nd4 Nxg3 15. hxg3 Qf6 16. b4 Bxd4 17. Qxd4 Qxd4 18. Rxd4 Rfd8 19. f3 h6
20. Kf2 Kf8 21. a4 Ke7 22. Rhd1 d6 23. a5 bxa5 24. b5 $14 {Ivanov,Se-Serper,G/
URS-chT Azov/1991/}) 14. hxg3 Bc6 15. Rh5 Qb8 16. Kf1 Rd8 17. Nd4 Be7 18. Kg1
a6 19. f4 Qc7 20. Rc1 Rac8 21. Kh2 Ba8 22. Rf1 Nf8 23. g4 g6 24. Rh3 $17 {
Suba-Grunberg,HU/Sochi/1983/}) (10... Nh5 11. Bc1 (11. Bg3 Be7 12. Nb5 Nxg3 13.
hxg3 Rc8 14. Be2 Ba6 15. e5 h6 16. Qe4 f5 17. exf6 Rxf6 18. Bd3 Kf7 19. g4 d5
20. Qe2 g5 21. cxd5 exd5 22. Bf5 Rc7 23. O-O Bc5 24. a4 $13 {Wiedenkeller,
M-Brynell,S/SVE-ch (05)/1991/}) 11... Nf6 12. Bg5 Be7 13. Be2 a6 14. e5 Ng4 15.
Bxe7 Qxe7 16. Qe4 f5 17. exf6 Nxf6 18. Qd3 Rab8 19. O-O Ba8 20. Rd2 Na5 21. b4
Bxf3 22. Bxf3 Nc6 23. Rfd1 a5 24. b5 $10 {Ree-Scheeren/Wijk aan Zee/1983/}) 11.
Bg3 f6 12. Nb5 Nge5 13. Be2 (13. Nxe5 fxe5 14. b4 a6 15. Nc3 Be7 16. Qb2 Rf7 {
0,5/Kramnik,V-Serper,G/URS-chJ Kherson/1991/}) 13... Rc8 (13... Nxf3+ 14. Bxf3
e5 15. Bg4 Nd4 16. Nxd4 Bxd4 17. f3 Qe7 18. Bf2 Bxf2+ 19. Kxf2 Rfd8 20. Rd3 Ba6
21. Rhd1 Qc5+ 22. Kg3 Qxc4 23. Qxc4+ Bxc4 24. Rxd7 $14 {Seirawan-Portisch,L/
Niksic/1983/}) 14. O-O Nxf3+ 15. Bxf3 e5 16. Bg4 Nd4 17. Nxd4 Bxd4 18. Rxd4 $1
exd4 19. Rd1 Qe8 (19... b5 $5 20. c5 Qe7 21. Qb3+ Qf7 22. Qxb5 $36) 20. f3 (20.
Rxd4 f5 21. Bf3 d5 $1) 20... g6 (20... b5 21. c5 $16) 21. Rxd4 Bc6 22. Bd6 f5 (
22... Rf7 23. Qd2 $14) 23. Bxf8 fxg4 (23... Kxf8 24. Bh3 fxe4 25. fxe4 $16) 24.
Bd6 gxf3 25. gxf3 Qf7 26. Qd3 a6 27. Bb4 $1 Re8 28. Qe3 Re6 29. Bc3 g5 30. Rd2
(30. Qxg5+ $4 Rg6) 30... h6 31. Qd4 Kh7 32. h4 Re8 (32... gxh4 33. Rg2 $18) 33.
hxg5 Rg8 (33... hxg5 34. Rh2+ Kg6 35. Qd3 $18) 34. Rh2 Rxg5+ 35. Kf2 Rg8 36.
Qe5 Qg6 (36... a5 37. Rh5 $18) 37. Qe7+ 1-0